000 00993nas a2200313 4500
001 BR0103808
003 BR-BrBNA
005 20231205102422.0
007 ta
008 230509b bl.|||p| |||| 00| 00por d
040 _aBR-BrBNA
_bpor
_cBiblioteca Nacional de Agricultura
041 _a(Pt)
072 _aF62
100 1 _aLeite, M. de L.
100 1 _aRodrigues, J.D.
100 1 _aMischan, M.M.
100 1 _aVirgens Filho, J.S. das
245 1 _aEfeitos do deficit hidrico sobre a cultura do caupi (Vigna unguiculata (L.)walp), cv. EMAPA-821. 2: analise de crescimento
650 _aFeijao de Corda
650 _aDeficiencia Hidrica
650 _aRelacao Agua-Planta
650 _aModelo Matematico
650 _aCrescimento
650 _aComportamento de Variedade
650 _aSao Paulo
773 0 _tRevista de Agricultura (Brazil)
_xISSN 0034-7655
_g(Dec 1999), v. 74(3) p. 351-370
_wBR0103808
909 _a202311
_bLúcia
_c55
_dLúcia Elande
942 _2AGRIS
_n0
_cANA
999 _c167497
_d167497